000 00892nam a2200253Ia 4500
003 OSt
005 20220923211416.0
006 a|||||r|||| 00| 0
007 ta
008 Pun
020 _a9788190975506 (hbk)
_c600
024 _a290,286
037 _b1001, 31/12/2015, H.K. Prakashan
_cTextual
040 _aARTS
_cARTS
_bPun
041 _2Pun
_aPun
082 _aQ8441:21:g, 153Q4
100 _aਉੱਭਾ, ਧਰਮਿੰਦਰ ਸਿੰਘ, ਥਦ.
_9157928
245 0 _aਸ੍ਰੀ ਗੁਰੂ ਗ੍ਰੰਥ ਸਾਹਿਬ
_b ਮਾਨਵੀ ਸਰੋਕਾਰ
260 _aਪਟਿਆਲਾ
_b ॥ਾਲਸਾ ਕਾਲੇਜ
_c2014
300 _a346ਪੰ
_ccm.
650 _aਧਰਮ
942 _hQ8441:21:g, 153Q4
_cTEXL
_2CC
999 _c299188
_d299188